El judío errante / (Record no. 188232)
[ view plain ]
| 000 -LEADER | |
|---|---|
| campo de control de longitud fija | 00731nam a2200193 i 4500 |
| 001 - NÚMERO DE CONTROL | |
| campo de control | 188232 |
| 003 - IDENTIFICADOR DE NÚMERO DE CONTROL | |
| campo de control | SpMaBN |
| 005 - FECHA Y HORA DE LA ÚLTIMA TRANSACCIÓN | |
| campo de control | 20251014063303.0 |
| 008 - DATOS DE LONGITUD FIJA--INFORMACIÓN GENERAL | |
| campo de control de longitud fija | 180626s1845 sp |||| | spa d |
| 080 ## - NÚMERO DE LA CLASIFICACIÓN DECIMAL UNIVERSAL | |
| Número de la Clasificación Decimal Universal | 821.133.1-31"18" |
| 100 1# - ENTRADA PRINCIPAL--NOMBRE DE PERSONA | |
| Nombre de persona | Sue, Eugène, |
| Fechas asociadas al nombre | 1804-1857 |
| 9 (RLIN) | 132950 |
| 245 13 - MENCIÓN DEL TÍTULO | |
| Título | El judío errante / |
| Mención de responsabilidad, etc. | novela escrita en francés por Eugenio Sue ; traducida por D. Wenceslao Ayguals de Izco. |
| 260 ## - PUBLICACIÓN, DISTRIBUCIÓN, ETC. | |
| Lugar de publicación, distribución, etc. | Madrid : |
| Nombre del editor, distribuidor, etc. | Sociedad Literaria, |
| Fecha de publicación, distribución, etc. | 1845 ( |
| Fabricante | Imp. de D. Wenceslao Ayguals de Izco) |
| 300 ## - DESCRIPCIÓN FÍSICA | |
| Extensión | 2 t. en 1 v. (228, 203 p.) ; |
| Dimensiones | 13 cm. |
| 505 8# - NOTA DE CONTENIDO CON FORMATO | |
| Nota de contenido con formato | Contiene: tomo XV - tomo XVI |
| 700 1# - ENTRADA AGREGADA--NOMBRE PERSONAL | |
| Nombre de persona | Ayguals de Izco, Wenceslao, |
| Fechas asociadas al nombre | 1801-1873 |
| 9 (RLIN) | 125761 |
| 852 ## - LOCALIZACIÓN | |
| Ubicación | ES-MaACL |
| Número de control de estantería | L-32092 |
| Nota libre | Enc. pasta |
| Estatus retirado | Estado de pérdida | Estado de daño | No para préstamo | Colección | Biblioteca de origen | Biblioteca actual | Ubicación en estantería | Fecha de adquisición | Fuente de adquisición | Total de préstamos | Signatura topográfica completa | Código de barras | Visto por última vez | Precio de reemplazo | Tipo de ítem Koha |
|---|---|---|---|---|---|---|---|---|---|---|---|---|---|---|---|
| Libros del s. XIX | Biblioteca del Ateneo de Madrid | Biblioteca del Ateneo de Madrid | Depósito 2 | 26/06/2018 | L-32092 | 1199041 | 23/02/2023 | 23/02/2023 | Libro impreso antiguo |
